[Event "Thanksgiving op"]
[Site "Winnipeg CAN"]
[Date "2004.10.17"]
[Round "5"]
[White "Boron, Anthony"]
[Black "Plocek, Jaroslav"]
[Result "1-0"]
[WhiteElo "1920"]
[BlackElo "1525"]
[PlyCount "65"]
[GameId "2160767911060984"]
[EventDate "2004.10.15"]
[EventType "swiss"]
[EventRounds "5"]
[EventCountry "CAN"]
[SourceTitle "EXT 2006"]
[Source "ChessBase"]
[SourceDate "2005.11.24"]
[SourceVersion "1"]
[SourceVersionDate "2005.11.24"]
[SourceQuality "1"]

1. e4 c5 2. Nc3 Nc6 3. Bb5 a6 4. Bxc6 dxc6 5. f4 e6 6. Nf3 Be7 7. O-O Nh6 8. d3 O-O 9. b3 b5 10. Bb2 Bf6 11. Qe1 b4 12. Na4 Bxb2 13. Nxb2 Qf6 14. Ne5 Kh8 15. Na4 Qd8 16. Qe3 Qd4 17. Qxd4 cxd4 18. Nxc6 Bd7 19. Nxd4 Bxa4 20. bxa4 Rac8 21. Rfc1 Rc3 22. Rab1 a5 23. Nb5 Rc5 24. a3 bxa3 25. Nxa3 Rfc8 26. Nc4 g6 27. h3 Ng8 28. Rb5 Rxb5 29. axb5 Rc5 30. b6 Rb5 31. Ra1 Ne7 32. Rxa5 Rxa5 33. Nxa5 1-0

[Event "Thanksgiving op"]
[Site "Winnipeg CAN"]
[Date "2004.10.17"]
[Round "5"]
[White "Lambruschini, Alex"]
[Black "Rumpel, Chris"]
[Result "0-1"]
[WhiteElo "1609"]
[BlackElo "1557"]
[PlyCount "66"]
[GameId "2160767911060986"]
[EventDate "2004.10.15"]
[EventType "swiss"]
[EventRounds "5"]
[EventCountry "CAN"]

1. d4 Nf6 2. c4 g6 3. Nc3 d6 4. e4 Nbd7 5. f3 Bg7 6. Be3 O-O 7. Bd3 Re8 8. Nge2 e5 9. d5 c6 10. O-O Qc7 11. Na4 a6 12. Qb3 c5 13. g4 Rb8 14. Rfb1 b5 15. cxb5 Nb6 16. bxa6 Nbxd5 17. Qxb8 Qxb8 18. exd5 Nxd5 19. Bd2 Qa7 20. Be4 Bxa6 21. Nec3 c4+ 22. Kf1 Ne3+ 23. Ke2 Bh6 24. Rg1 Bf4 25. Rae1 d5 26. Bb1 d4 27. Bxe3 Bxe3 28. Ne4 d3+ 29. Kd1 Bxg1 30. Nf6+ Kf8 31. Nxe8 Kxe8 32. Rf1 Qe3 33. Nc3 Bb7 0-1

[Event "Thanksgiving op"]
[Site "Winnipeg CAN"]
[Date "2004.10.17"]
[Round "5"]
[White "Liebzeit, Mick"]
[Black "Gannon, Keith"]
[Result "1-0"]
[WhiteElo "1353"]
[BlackElo "1580"]
[PlyCount "71"]
[GameId "2160767911060987"]
[EventDate "2004.10.15"]
[EventType "swiss"]
[EventRounds "5"]
[EventCountry "CAN"]
[SourceTitle "EXT 2006"]
[Source "ChessBase"]
[SourceDate "2005.11.24"]
[SourceVersion "1"]
[SourceVersionDate "2005.11.24"]
[SourceQuality "1"]

1. e4 c5 2. Nf3 d6 3. d4 cxd4 4. Nxd4 Nf6 5. Nc3 e6 6. Be2 Be7 7. O-O O-O 8. Be3 Bd7 9. Qd2 a6 10. a4 Nc6 11. f4 Nxd4 12. Bxd4 Bc6 13. Bf3 Ne8 14. Qf2 f6 15. Bb6 Qd7 16. a5 Bd8 17. Rad1 Bxb6 18. Qxb6 Rc8 19. Rd2 Nc7 20. Rfd1 Ne8 21. Ne2 f5 22. Qe3 Bxe4 23. Bxe4 fxe4 24. Qxe4 d5 25. Qe3 Qc6 26. Nd4 Qd6 27. Nxe6 Rf6 28. Re1 Nc7 29. Nxc7 Qxc7 30. Qb3 Qc5+ 31. Kh1 Qxa5 32. c3 Qc7 33. Rxd5 Qf7 34. Re7 Re6 35. Rxe6 Qxe6 36. Rd8+ 1-0

[Event "Thanksgiving op"]
[Site "Winnipeg CAN"]
[Date "2004.10.17"]
[Round "5"]
[White "Silva, T Romero"]
[Black "Anderson, George"]
[Result "1-0"]
[WhiteElo "1621"]
[BlackElo "1473"]
[PlyCount "141"]
[GameId "2160767911060988"]
[EventDate "2004.10.15"]
[EventType "swiss"]
[EventRounds "5"]
[EventCountry "CAN"]
[SourceTitle "EXT 2006"]
[Source "ChessBase"]
[SourceDate "2005.11.24"]
[SourceVersion "1"]
[SourceVersionDate "2005.11.24"]
[SourceQuality "1"]

1. d4 e6 2. c4 Nf6 3. Bg5 Be7 4. Nf3 Ne4 5. Be3 c6 6. a3 O-O 7. g3 d5 8. Nbd2 f5 9. Bg2 Qb6 10. Qc2 Nd7 11. O-O Ndf6 12. c5 Qd8 13. Ne5 Ng4 14. Nxg4 Nxd2 15. Nh6+ gxh6 16. Qxd2 Bg5 17. h4 Bxe3 18. Qxe3 Qf6 19. Qf4 Rf7 20. Rad1 h5 21. Bf3 b6 22. Bxh5 Rg7 23. b4 Ba6 24. Kh2 Bc4 25. Rg1 Rf8 26. e3 b5 27. Ra1 Kh8 28. a4 a6 29. axb5 Bxb5 30. Rge1 Rb7 31. Rab1 Bd3 32. Rb2 Rfb8 33. Be2 Bxe2 34. Rexe2 Rxb4 35. Rxb4 Rxb4 36. Ra2 e5 37. Qxe5 Qxe5 38. dxe5 Rc4 39. Rxa6 Rxc5 40. Ra7 Rc2 41. Kg2 c5 42. Rf7 d4 43. exd4 cxd4 44. e6 Kg8 45. Rxf5 d3 46. Rd5 d2 47. Rd8+ Kg7 48. e7 d1=Q 49. Rxd1 Kf7 50. Rd7 Ke8 51. Ra7 Rc5 52. g4 Rc2 53. Kg3 Rc6 54. f3 Rb6 55. Kf4 h6 56. h5 Rf6+ 57. Ke4 Rb6 58. f4 Rb4+ 59. Kf5 Kf7 60. g5 Rb5+ 61. Kg4 hxg5 62. f5 Rb8 63. Kxg5 Rg8+ 64. Kf4 Kf6 65. Rd7 Re8 66. h6 Kf7 67. Ke5 Rh8 68. Rd8 Rxd8 69. exd8=N+ Kg8 70. Ke6 Kh7 71. f6 1-0

[Event "Thanksgiving op"]
[Site "Winnipeg CAN"]
[Date "2004.10.17"]
[Round "5"]
[White "Tang, Edward"]
[Black "Kaptsan, Aron"]
[Result "1/2-1/2"]
[WhiteElo "1941"]
[BlackElo "1909"]
[PlyCount "76"]
[GameId "2160767911060989"]
[EventDate "2004.10.15"]
[EventType "swiss"]
[EventRounds "5"]
[EventCountry "CAN"]
[SourceTitle "EXT 2006"]
[Source "ChessBase"]
[SourceDate "2005.11.24"]
[SourceVersion "1"]
[SourceVersionDate "2005.11.24"]
[SourceQuality "1"]

1. e4 c5 2. Nf3 d6 3. d4 cxd4 4. Nxd4 Nf6 5. Nc3 g6 6. Be3 Bg7 7. f3 a6 8. Qd2 h5 9. O-O-O b5 10. Kb1 Bb7 11. e5 dxe5 12. Nf5 Qxd2 13. Nxg7+ Kf8 14. Ne6+ fxe6 15. Rxd2 Nc6 16. a4 b4 17. Ne4 Nxe4 18. fxe4 Kg7 19. Bc4 Rad8 20. Rhd1 Rxd2 21. Rxd2 Rd8 22. Rxd8 Nxd8 23. Bb6 Nf7 24. Bc5 Kf6 25. Bxb4 Nd6 26. Bxd6 exd6 27. b4 d5 28. Be2 dxe4 29. b5 axb5 30. axb5 Ke7 31. Kb2 Kd6 32. Kb3 Kc5 33. c3 e3 34. g3 Bg2 35. c4 e4 36. Kc2 Bf3 37. Kd1 Kb6 38. Ke1 e5 1/2-1/2

[Event "Thanksgiving op"]
[Site "Winnipeg CAN"]
[Date "2004.10.17"]
[Round "5"]
[White "Zaczek, Jonathon"]
[Black "Nikouline, Alexandre"]
[Result "1/2-1/2"]
[WhiteElo "1891"]
[BlackElo "2000"]
[PlyCount "44"]
[GameId "2160767911060990"]
[EventDate "2004.10.15"]
[EventType "swiss"]
[EventRounds "5"]
[EventCountry "CAN"]
[SourceTitle "EXT 2006"]
[Source "ChessBase"]
[SourceDate "2005.11.24"]
[SourceVersion "1"]
[SourceVersionDate "2005.11.24"]
[SourceQuality "1"]

1. e4 c6 2. d4 d5 3. exd5 Qxd5 4. Nc3 Qa5 5. Bd2 Nf6 6. Bd3 Qb6 7. Nge2 Bg4 8. f3 Bh5 9. Na4 Qd8 10. c4 e6 11. Qb3 b6 12. Nac3 Bd6 13. O-O-O Bg6 14. Bxg6 hxg6 15. Kb1 Qc8 16. Bf4 Bxf4 17. Nxf4 O-O 18. Rhe1 Na6 19. d5 exd5 20. cxd5 Qf5+ 21. Nd3 Nc5 22. Qc2 Nxd3 1/2-1/2

[Event "Thanksgiving op"]
[Site "Winnipeg CAN"]
[Date "2004.10.17"]
[Round "5"]
[White "Zhou, Lu"]
[Black "Wood, Nathaniel"]
[Result "1-0"]
[WhiteElo "1807"]
[BlackElo "1294"]
[PlyCount "61"]
[GameId "2160767911060991"]
[EventDate "2004.10.15"]
[EventType "swiss"]
[EventRounds "5"]
[EventCountry "CAN"]
[SourceTitle "EXT 2006"]
[Source "ChessBase"]
[SourceDate "2005.11.24"]
[SourceVersion "1"]
[SourceVersionDate "2005.11.24"]
[SourceQuality "1"]

1. d4 Nf6 2. c4 g6 3. Nc3 d5 4. cxd5 Nxd5 5. e4 Nxc3 6. bxc3 Bg7 7. Be3 c5 8. Bb5+ Nc6 9. Ne2 Bd7 10. O-O O-O 11. Rb1 Qc7 12. Qd2 Rfd8 13. Rfc1 Ne5 14. Qb2 Ng4 15. Bf4 e5 16. Bg3 f5 17. h3 Nh6 18. Bc4+ Kh8 19. Qxb7 Qxb7 20. Rxb7 cxd4 21. cxd4 exd4 22. Bd5 d3 23. Nf4 fxe4 24. Rxd7 Rxd7 25. Bxa8 Rd8 26. Bxe4 d2 27. Rd1 Re8 28. f3 Nf5 29. Bxf5 gxf5 30. Rxd2 Be5 31. Rd5 1-0

[Event "Todd Southam mem."]
[Site "Toronto CAN"]
[Date "2004.06.13"]
[Round "1"]
[White "Bailey, Doug"]
[Black "Thavandiran, Shiyam"]
[Result "1-0"]
[WhiteElo "2283"]
[BlackElo "2132"]
[PlyCount "74"]
[GameId "2160767911096202"]
[EventDate "2004.06.13"]
[EventType "schev (rapid)"]
[EventRounds "6"]
[EventCountry "CAN"]
[SourceTitle "CBM 100 Extra"]
[Source "ChessBase"]
[SourceDate "2004.07.06"]
[SourceVersion "2"]
[SourceVersionDate "2004.07.06"]
[SourceQuality "1"]

1. e4 e6 2. d4 d5 3. Nc3 Bb4 4. e5 Ne7 5. a3 Bxc3+ 6. bxc3 c5 7. a4 b6 8. Nf3 Ba6 9. Bb5+ Bxb5 10. axb5 a5 11. bxa6 Rxa6 12. Bf4 Nec6 13. O-O Na5 14. Qe2 O-O 15. h4 Nc4 16. h5 h6 17. Rfb1 Rxa1 18. Rxa1 Nc6 19. Bg3 Qe7 20. Bh4 Qb7 21. g4 Ra8 22. Rb1 Qa6 23. Re1 Qa3 24. dxc5 Qxc3 25. cxb6 Ra1 26. b7 N4xe5 27. Rxa1 Nxf3+ 28. Qxf3 Qxf3 29. Ra8+ Kh7 30. Rc8 Qd1+ 31. Kh2 Qb1 32. Rc7 Qb6 33. Rxf7 Ne5 34. Bg3 Nc6 35. c3 Na5 36. Kg2 Nxb7 37. Be5 Kg8 1-0

[Event "Todd Southam mem."]
[Site "Toronto CAN"]
[Date "2004.06.13"]
[Round "1"]
[White "Henry, Liam"]
[Black "Noritsyn, Nikolay"]
[Result "0-1"]
[WhiteElo "2001"]
[BlackElo "2153"]
[PlyCount "54"]
[GameId "2160767911096204"]
[EventDate "2004.06.13"]
[EventType "schev (rapid)"]
[EventRounds "6"]
[EventCountry "CAN"]
[SourceTitle "CBM 100 Extra"]
[Source "ChessBase"]
[SourceDate "2004.07.06"]
[SourceVersion "2"]
[SourceVersionDate "2004.07.06"]
[SourceQuality "1"]

1. e4 c5 2. Nf3 Nc6 3. d4 cxd4 4. Nxd4 g6 5. c4 Bg7 6. Be3 Nf6 7. Nc3 Ng4 8. Qxg4 Nxd4 9. Qd1 e5 10. Bd3 O-O 11. O-O d6 12. Nd5 Be6 13. Rc1 Rc8 14. Qd2 Qd7 15. b4 b6 16. Bxd4 exd4 17. b5 Rfe8 18. a4 Bxd5 19. cxd5 Rc3 20. f4 Rec8 21. f5 Qc7 22. Rxc3 dxc3 23. Qc2 Qc5+ 24. Kh1 Qe3 25. fxg6 hxg6 26. Rd1 Be5 27. h3 Qg3 0-1

[Event "Todd Southam mem."]
[Site "Toronto CAN"]
[Date "2004.06.13"]
[Round "1"]
[White "Miller, Evgeny"]
[Black "Quan Zhe"]
[Result "0-1"]
[WhiteElo "2212"]
[BlackElo "2324"]
[PlyCount "73"]
[GameId "2160767911096206"]
[EventDate "2004.06.13"]
[EventType "schev (rapid)"]
[EventRounds "6"]
[EventCountry "CAN"]
[SourceTitle "CBM 100 Extra"]
[Source "ChessBase"]
[SourceDate "2004.07.06"]
[SourceVersion "2"]
[SourceVersionDate "2004.07.06"]
[SourceQuality "1"]

1. e4 c5 2. Nf3 e6 3. d4 cxd4 4. Nxd4 a6 5. Nc3 Qc7 6. f3 Nc6 7. Be3 Nf6 8. Qd2 Be7 9. O-O-O b5 10. g4 h6 11. h4 b4 12. Na4 d5 13. Nxc6 Qxc6 14. Nb6 Rb8 15. exd5 exd5 16. Nxd5 Nxd5 17. Qxd5 Qxd5 18. Rxd5 Bb7 19. Re5 f6 20. Re6 Bxf3 21. Rg1 Bd5 22. Rxa6 Kf7 23. Bg2 Rhd8 24. Ra7 Kf8 25. Bxd5 Rxd5 26. Rd1 Rbd8 27. Rxd5 Rxd5 28. c4 bxc3 29. bxc3 h5 30. Ra4 hxg4 31. Rxg4 f5 32. Rf4 Kf7 33. Kc2 Ke6 34. c4 Ra5 35. Kb2 Bd6 36. Rf1 Re5 37. Bg5 0-1

[Event "Todd Southam mem."]
[Site "Toronto CAN"]
[Date "2004.06.13"]
[Round "2"]
[White "Krnan, Tomas"]
[Black "Krupnov, Maxim E"]
[Result "1-0"]
[WhiteElo "2312"]
[BlackElo "2361"]
[PlyCount "55"]
[GameId "2160767911096207"]
[EventDate "2004.06.13"]
[EventType "schev (rapid)"]
[EventRounds "6"]
[EventCountry "CAN"]
[SourceTitle "CBM 100 Extra"]
[Source "ChessBase"]
[SourceDate "2004.07.06"]
[SourceVersion "2"]
[SourceVersionDate "2004.07.06"]
[SourceQuality "1"]

1. e4 e5 2. Nf3 d6 3. d4 exd4 4. Nxd4 g6 5. Nc3 Bg7 6. Be3 Nf6 7. Qd2 Nc6 8. O-O-O O-O 9. f3 Re8 10. g4 Nxd4 11. Bxd4 Be6 12. h4 h5 13. g5 Nd7 14. f4 Bg4 15. Re1 Bxd4 16. Qxd4 f5 17. Bc4+ Kh7 18. exf5 Bxf5 19. Nd5 c6 20. Rxe8 Qxe8 21. Nc7 Qh8 22. Qxd6 Qf8 23. Qd4 Qh8 24. Qd2 Rf8 25. Re1 Qg7 26. Ne8 Rxe8 27. Rxe8 b5 28. Qd6 1-0

[Event "Todd Southam mem."]
[Site "Toronto CAN"]
[Date "2004.06.13"]
[Round "2"]
[White "Noritsyn, Nikolay"]
[Black "Allan, Denis"]
[Result "0-1"]
[WhiteElo "2153"]
[BlackElo "2276"]
[PlyCount "54"]
[GameId "2160767911096208"]
[EventDate "2004.06.13"]
[EventType "schev (rapid)"]
[EventRounds "6"]
[EventCountry "CAN"]
[SourceTitle "CBM 100 Extra"]
[Source "ChessBase"]
[SourceDate "2004.07.06"]
[SourceVersion "2"]
[SourceVersionDate "2004.07.06"]
[SourceQuality "1"]

1. e4 e5 2. Nf3 Nc6 3. Bb5 Nge7 4. O-O Ng6 5. d4 exd4 6. Nxd4 Bc5 7. Nf5 O-O 8. Be3 Bxe3 9. Nxe3 a6 10. Bxc6 bxc6 11. Nc3 Rb8 12. b3 d6 13. f4 Qf6 14. Ne2 Re8 15. Qd3 Rb4 16. c4 a5 17. Nc2 Rb8 18. Ncd4 Bd7 19. Nc3 a4 20. Nxa4 Nxf4 21. Qd2 Qxd4+ 22. Qxd4 Ne2+ 23. Kf2 Nxd4 24. Nc3 Ra8 25. Rad1 c5 26. Rd2 Bc6 27. Re1 g6 0-1

[Event "Todd Southam mem."]
[Site "Toronto CAN"]
[Date "2004.06.13"]
[Round "2"]
[White "Smith, Hazel"]
[Black "Miller, Evgeny"]
[Result "0-1"]
[WhiteElo "2051"]
[BlackElo "2212"]
[PlyCount "86"]
[GameId "2160767911096211"]
[EventDate "2004.06.13"]
[EventType "schev (rapid)"]
[EventRounds "6"]
[EventCountry "CAN"]
[SourceTitle "CBM 100 Extra"]
[Source "ChessBase"]
[SourceDate "2004.07.06"]
[SourceVersion "2"]
[SourceVersionDate "2004.07.06"]
[SourceQuality "1"]

1. e4 c6 2. d4 d5 3. Nd2 dxe4 4. Nxe4 Nd7 5. Bc4 Ngf6 6. Nxf6+ Nxf6 7. Nf3 Bf5 8. c3 e6 9. O-O Be7 10. Re1 O-O 11. Bd3 Bg4 12. Bf4 Rc8 13. h3 Bh5 14. Be2 Nd5 15. Bh2 c5 16. Ne5 Bxe2 17. Rxe2 cxd4 18. Qxd4 Qa5 19. Qg4 Nf6 20. Qf3 Qd5 21. Qxd5 Nxd5 22. Rd2 Rfd8 23. Rad1 Nb6 24. Rxd8+ Rxd8 25. Rxd8+ Bxd8 26. b3 Nd5 27. c4 Nc3 28. a4 Be7 29. Nd3 f6 30. a5 Ne2+ 31. Kf1 Nd4 32. b4 Nc6 33. c5 a6 34. Bd6 Kf7 35. Ke1 e5 36. Bxe7 Kxe7 37. Kd2 e4 38. Nf4 Nxb4 39. Ke3 g5 40. Ne2 f5 41. g4 fxg4 42. hxg4 Nc6 43. Kxe4 Kf6 0-1

[Event "Todd Southam mem."]
[Site "Toronto CAN"]
[Date "2004.06.13"]
[Round "3"]
[White "Allan, Denis"]
[Black "Quan Zhe"]
[Result "0-1"]
[WhiteElo "2276"]
[BlackElo "2324"]
[PlyCount "103"]
[GameId "2160767911096213"]
[EventDate "2004.06.13"]
[EventType "schev (rapid)"]
[EventRounds "6"]
[EventCountry "CAN"]
[SourceTitle "CBM 100 Extra"]
[Source "ChessBase"]
[SourceDate "2004.07.06"]
[SourceVersion "2"]
[SourceVersionDate "2004.07.06"]
[SourceQuality "1"]

1. c4 g6 2. d4 Nf6 3. Nc3 Bg7 4. g3 O-O 5. Bg2 d6 6. e3 Nbd7 7. Nge2 e5 8. O-O Re8 9. b3 h5 10. h4 exd4 11. Nxd4 Ng4 12. Bb2 Nc5 13. b4 Nd7 14. Nf3 Nb6 15. Nd2 c6 16. Na4 Ne5 17. Nxb6 axb6 18. Qb3 Be6 19. Bxe5 Bxe5 20. Rad1 Qc7 21. Qc2 Ra3 22. Nb1 Ra7 23. a3 Raa8 24. Bf3 Qe7 25. Rfe1 Red8 26. Bg2 Qc7 27. e4 c5 28. b5 Bd4 29. Kh2 Qe7 30. Rd3 g5 31. hxg5 Qxg5 32. f4 Qf6 33. f5 Bd7 34. Nd2 h4 35. Qd1 Be5 36. Qg4+ Kf8 37. Kg1 Bxg3 38. Rd1 Ke7 39. e5 Bxe5 40. Ne4 Qxf5 41. Qxh4+ f6 42. Nxd6 Bxd6 43. Rxd6 Be6 44. Rxe6+ Kxe6 45. Rxd8 Qb1+ 46. Kh2 Rxd8 47. Bd5+ Rxd5 48. cxd5+ Kxd5 49. Qxf6 Qxb5 50. Qf7+ Kd6 51. Qxb7 c4 52. a4 0-1

[Event "Todd Southam mem."]
[Site "Toronto CAN"]
[Date "2004.06.13"]
[Round "3"]
[White "Bailey, Doug"]
[Black "Noritsyn, Nikolay"]
[Result "0-1"]
[WhiteElo "2283"]
[BlackElo "2153"]
[PlyCount "50"]
[GameId "2160767911096214"]
[EventDate "2004.06.13"]
[EventType "schev (rapid)"]
[EventRounds "6"]
[EventCountry "CAN"]
[SourceTitle "CBM 100 Extra"]
[Source "ChessBase"]
[SourceDate "2004.07.06"]
[SourceVersion "2"]
[SourceVersionDate "2004.07.06"]
[SourceQuality "1"]

1. e4 c5 2. Nf3 Nc6 3. d4 cxd4 4. Nxd4 g6 5. Nxc6 bxc6 6. Bd3 Bg7 7. O-O Nf6 8. e5 Nd5 9. Qe2 O-O 10. a3 d6 11. exd6 exd6 12. c4 Re8 13. Qc2 Nb6 14. Bd2 Bb7 15. Bc3 c5 16. Bxg7 Kxg7 17. Nc3 Qh4 18. f4 f5 19. Nb5 Rad8 20. g3 Qg4 21. Rf2 Re3 22. Be2 Qh3 23. Bf3 Bxf3 24. Qd2 Nxc4 25. Qc1 Bc6 0-1

[Event "Todd Southam mem."]
[Site "Toronto CAN"]
[Date "2004.06.13"]
[Round "3"]
[White "Miller, Evgeny"]
[Black "Krnan, Tomas"]
[Result "0-1"]
[WhiteElo "2212"]
[BlackElo "2312"]
[PlyCount "63"]
[GameId "2160767911096217"]
[EventDate "2004.06.13"]
[EventType "schev (rapid)"]
[EventRounds "6"]
[EventCountry "CAN"]
[SourceTitle "CBM 100 Extra"]
[Source "ChessBase"]
[SourceDate "2004.07.06"]
[SourceVersion "2"]
[SourceVersionDate "2004.07.06"]
[SourceQuality "1"]

1. e4 d5 2. exd5 Nf6 3. c4 c6 4. d4 cxd5 5. Nc3 e6 6. Nf3 Be7 7. Bg5 O-O 8. Rc1 dxc4 9. Bxc4 Nc6 10. O-O Nd5 11. Bxe7 Ncxe7 12. Ne5 b6 13. Ne4 Bb7 14. Bd3 Ng6 15. Bb1 Ndf4 16. g3 f5 17. Nxg6 hxg6 18. gxf4 fxe4 19. Qg4 Qf6 20. Rfe1 Qf5 21. Qg2 Qxf4 22. Bxe4 Bxe4 23. Qxe4 Qxf2+ 24. Kh1 Rae8 25. Rf1 Qxb2 26. Rxf8+ Kxf8 27. Rf1+ Kg8 28. Qxg6 Re7 29. Qg5 Qb4 30. Qf4 Rd7 31. Qe4 Qd6 32. Qa8+ 0-1

[Event "Todd Southam mem."]
[Site "Toronto CAN"]
[Date "2004.06.13"]
[Round "4"]
[White "Krnan, Tomas"]
[Black "Puri, Vinny"]
[Result "1-0"]
[WhiteElo "2312"]
[BlackElo "2253"]
[PlyCount "47"]
[GameId "2160767911096219"]
[EventDate "2004.06.13"]
[EventType "schev (rapid)"]
[EventRounds "6"]
[EventCountry "CAN"]
[SourceTitle "CBM 100 Extra"]
[Source "ChessBase"]
[SourceDate "2004.07.06"]
[SourceVersion "2"]
[SourceVersionDate "2004.07.06"]
[SourceQuality "1"]

1. e4 e5 2. Nf3 Nc6 3. Bb5 Nf6 4. O-O Nxe4 5. d4 Nd6 6. Bxc6 dxc6 7. dxe5 Nf5 8. Qxd8+ Kxd8 9. Rd1+ Ke8 10. Nc3 h6 11. h3 Be6 12. Bf4 g5 13. Bd2 Bg7 14. Ne4 b6 15. Bc3 Rd8 16. Re1 Kd7 17. Nf6+ Bxf6 18. exf6 Kc8 19. Ne5 Kb7 20. Rad1 c5 21. a3 Rhe8 22. Rxd8 Rxd8 23. Ng6 Nd6 24. Ne7 1-0

[Event "Todd Southam mem."]
[Site "Toronto CAN"]
[Date "2004.06.13"]
[Round "4"]
[White "Quan Zhe"]
[Black "Bailey, Doug"]
[Result "1-0"]
[WhiteElo "2324"]
[BlackElo "2283"]
[PlyCount "79"]
[GameId "2160767911096222"]
[EventDate "2004.06.13"]
[EventType "schev (rapid)"]
[EventRounds "6"]
[EventCountry "CAN"]
[SourceTitle "CBM 100 Extra"]
[Source "ChessBase"]
[SourceDate "2004.07.06"]
[SourceVersion "2"]
[SourceVersionDate "2004.07.06"]
[SourceQuality "1"]

1. d4 Nf6 2. c4 g6 3. Nc3 d5 4. Bf4 Bg7 5. e3 O-O 6. Nf3 c5 7. dxc5 Be6 8. Ng5 Nc6 9. Nxe6 fxe6 10. Be2 d4 11. exd4 Nh5 12. Be3 Nf4 13. O-O Nxd4 14. Bxf4 Rxf4 15. g3 Rf5 16. Ne4 Qf8 17. Bg4 Rd8 18. Qa4 h5 19. Bd1 Nf3+ 20. Bxf3 Rxf3 21. c6 bxc6 22. Qxc6 Qf5 23. Ng5 Rdd3 24. Nxf3 Rxf3 25. Rae1 Kf7 26. Qe4 Bxb2 27. Qxf5+ Rxf5 28. Re4 g5 29. Rb1 Ba3 30. Kg2 a6 31. f4 Bd6 32. fxg5 Rxg5 33. Rf1+ Ke8 34. Rxe6 Kd7 35. Re4 Ra5 36. Rf2 Ra3 37. Kh3 Bc5 38. Rd2+ Ke8 39. Re5 Bb4 40. Rc2 1-0

[Event "Todd Southam mem."]
[Site "Toronto CAN"]
[Date "2004.06.13"]
[Round "4"]
[White "Smith, Hazel"]
[Black "Allan, Denis"]
[Result "0-1"]
[WhiteElo "2051"]
[BlackElo "2276"]
[PlyCount "74"]
[GameId "2160767911096223"]
[EventDate "2004.06.13"]
[EventType "schev (rapid)"]
[EventRounds "6"]
[EventCountry "CAN"]
[SourceTitle "CBM 100 Extra"]
[Source "ChessBase"]
[SourceDate "2004.07.06"]
[SourceVersion "2"]
[SourceVersionDate "2004.07.06"]
[SourceQuality "1"]

1. e4 c6 2. d4 d5 3. Nd2 g6 4. c3 Bg7 5. Bd3 Nh6 6. Ne2 O-O 7. O-O f6 8. Qb3 Kh8 9. Nf4 e5 10. Ne2 exd4 11. exd5 dxc3 12. Nxc3 cxd5 13. Qxd5 Nc6 14. Nc4 Nb4 15. Qxd8 Rxd8 16. Bb1 Be6 17. Na3 Rac8 18. Re1 Bf5 19. Bxf5 Nxf5 20. Be3 Nd3 21. Re2 Nxe3 22. fxe3 Nxb2 23. Ncb5 a6 24. Rxb2 f5 25. Nd4 Rxd4 26. exd4 Bxd4+ 27. Rf2 Bxa1 28. Nc2 Bf6 29. Re2 Rc7 30. Kf2 Kg7 31. Ne3 Bd4 32. Kf3 Rc3 33. g3 Rxe3+ 34. Rxe3 Bxe3 35. Kxe3 Kf6 36. Kf4 g5+ 37. Ke3 Ke5 0-1

[Event "Todd Southam mem."]
[Site "Toronto CAN"]
[Date "2004.06.13"]
[Round "4"]
[White "Thavandiran, Shiyam"]
[Black "Miller, Evgeny"]
[Result "0-1"]
[WhiteElo "2132"]
[BlackElo "2212"]
[PlyCount "64"]
[GameId "2160767911096224"]
[EventDate "2004.06.13"]
[EventType "schev (rapid)"]
[EventRounds "6"]
[EventCountry "CAN"]
[SourceTitle "CBM 100 Extra"]
[Source "ChessBase"]
[SourceDate "2004.07.06"]
[SourceVersion "2"]
[SourceVersionDate "2004.07.06"]
[SourceQuality "1"]

1. e4 c6 2. d4 d5 3. e5 Bf5 4. Nc3 e6 5. g4 Bg6 6. Nge2 Ne7 7. Be3 Nd7 8. h4 h6 9. Nf4 a6 10. Bd3 Bxd3 11. Nxd3 c5 12. Ne2 Nc6 13. c3 Rc8 14. f4 Be7 15. h5 c4 16. Ndc1 b5 17. Ng3 b4 18. Nce2 Rb8 19. f5 Qa5 20. O-O bxc3 21. bxc3 Rb2 22. a4 Bh4 23. Qc1 Rb3 24. fxe6 fxe6 25. Qc2 Nf8 26. Rxf8+ Rxf8 27. Qg6+ Ke7 28. Nf5+ exf5 29. Qd6+ Kf7 30. Qxc6 Kg8 31. Bxh6 Rb6 32. Qc7 Rb1+ 0-1

[Event "Todd Southam mem."]
[Site "Toronto CAN"]
[Date "2004.06.13"]
[Round "5"]
[White "Allan, Denis"]
[Black "Krnan, Tomas"]
[Result "0-1"]
[WhiteElo "2276"]
[BlackElo "2312"]
[PlyCount "58"]
[GameId "2160767911096225"]
[EventDate "2004.06.13"]
[EventType "schev (rapid)"]
[EventRounds "6"]
[EventCountry "CAN"]
[SourceTitle "CBM 100 Extra"]
[Source "ChessBase"]
[SourceDate "2004.07.06"]
[SourceVersion "2"]
[SourceVersionDate "2004.07.06"]
[SourceQuality "1"]

1. c4 g6 2. Nc3 Bg7 3. d4 c5 4. e3 cxd4 5. exd4 Nf6 6. Bg5 O-O 7. Be2 d6 8. Qd2 Nc6 9. Nf3 Bf5 10. O-O Rc8 11. Rac1 Ne4 12. Nxe4 Bxe4 13. Be3 d5 14. Ng5 e5 15. Nxe4 dxe4 16. d5 Nd4 17. f4 exf3 18. Bxf3 Qh4 19. Bg5 Nxf3+ 20. Rxf3 Qg4 21. h3 Qd7 22. Bf6 e4 23. Rff1 Rfe8 24. Bxg7 Kxg7 25. Qd4+ Kg8 26. Rf6 e3 27. Re1 Qe7 28. d6 Rxc4 29. dxe7 Rxd4 0-1

[Event "Todd Southam mem."]
[Site "Toronto CAN"]
[Date "2004.06.13"]
[Round "5"]
[White "Bailey, Doug"]
[Black "Smith, Hazel"]
[Result "1-0"]
[WhiteElo "2283"]
[BlackElo "2051"]
[PlyCount "131"]
[GameId "2160767911096226"]
[EventDate "2004.06.13"]
[EventType "schev (rapid)"]
[EventRounds "6"]
[EventCountry "CAN"]
[SourceTitle "CBM 100 Extra"]
[Source "ChessBase"]
[SourceDate "2004.07.06"]
[SourceVersion "2"]
[SourceVersionDate "2004.07.06"]
[SourceQuality "1"]

1. d4 e6 2. Nf3 Nf6 3. Bg5 Be7 4. e3 b6 5. Nbd2 Bb7 6. Bd3 d6 7. O-O Nbd7 8. c3 O-O 9. a4 e5 10. Qb1 h6 11. Bh4 Re8 12. Bf5 Nh5 13. Bg3 Bf6 14. Be4 Bxe4 15. Nxe4 Qe7 16. a5 Nxg3 17. hxg3 d5 18. Nxf6+ Qxf6 19. dxe5 Nxe5 20. Qd1 Nxf3+ 21. Qxf3 Qxf3 22. gxf3 b5 23. Rfd1 c6 24. Rd4 Re6 25. Kg2 Kf8 26. b3 Rb8 27. Rad1 Rb7 28. b4 a6 29. e4 dxe4 30. fxe4 Ke7 31. f4 Rc7 32. c4 c5 33. bxc5 Rxc5 34. Rd7+ Kf6 35. e5+ Kg6 36. g4 Rec6 37. R1d6+ Kh7 38. Rxc6 Rxc6 39. cxb5 axb5 40. Rb7 Rc5 41. a6 Rc2+ 42. Kf3 Ra2 43. a7 b4 44. Ke3 b3 45. Rxf7 b2 46. Rb7 b1=Q 47. Rxb1 Rxa7 48. Rb8 Kg6 49. Rf8 Ra3+ 50. Ke4 Ra4+ 51. Kd5 Ra5+ 52. Kc6 Ra6+ 53. Kb5 Ra1 54. e6 Re1 55. Kc5 Kh7 56. f5 Re4 57. Kd5 Re1 58. Kd6 Rd1+ 59. Ke7 Re1 60. Kf7 Ra1 61. e7 Ra7 62. Ke6 Ra6+ 63. Kd5 Ra5+ 64. Kc6 Re5 65. e8=Q Rxe8 66. Rxe8 1-0